000 00542cam a22001812a 4500
001 009704
003 AR-FADEU
008 311216n1986####xxu####################dd
092 _a420.7
_bV145c
100 _aValdes, Joyce Merrill, ed.
245 _aCulture bound : Bridging the cultural gap in language teaching
260 _aCambridge
260 _bCambridge University
260 _c1986
300 _a222 p
650 _aINGLES-ESTUDIO Y ENSEƑANZA; METODOLOGIA; NIVEL CULTURAL; EDUCACION INTERCULTURAL; /REVISADO/
942 _cBDGR
999 _c15500
_d15500